Ekonomický vývoj poľnohospodárstva v rokoch 2004-2006
Zhodnotenie ekonomickej situácie poľnohospodárstva Slovenska po vstupe do EÚ. Príspevok je vypracovaný na základe výsledkov ekonomického vývoja 1200 právnických a 900 fyzických osôb. Charakterizuje vplyvy pôsobiace na ekonomickú efektívnosť poľnohospodárstva. Zachytáva vývoj dôchodkovosti, produkcie...
Na minha lista:
| Autor principal: | |
|---|---|
| Formato: | Capítulo de Livro |
| Idioma: | eslovaco |
| Assuntos: | |
| Tags: |
Sem tags, seja o primeiro a adicionar uma tag!
|
MARC
| LEADER | 00000naa$a2200000$$$4500 | ||
|---|---|---|---|
| 001 | 0074599 | ||
| 005 | 20231018092008.3 | ||
| 041 | 0 | |a slo | |
| 044 | |a SK | ||
| 245 | 1 | 0 | |a Ekonomický vývoj poľnohospodárstva v rokoch 2004-2006 |c Zuzana Chrastinová |
| 520 | |a Zhodnotenie ekonomickej situácie poľnohospodárstva Slovenska po vstupe do EÚ. Príspevok je vypracovaný na základe výsledkov ekonomického vývoja 1200 právnických a 900 fyzických osôb. Charakterizuje vplyvy pôsobiace na ekonomickú efektívnosť poľnohospodárstva. Zachytáva vývoj dôchodkovosti, produkcie, zamestnanosti, úverov a ziskovosti podnikov. Mapuje úroveň podpôr krajín EÚ a Slovenska. Poukazuje na diferencie tak vo výsledkoch hospodárenia v jednotlivých právnych formách, ako aj kumulácii zisku, ale hlavne na paradox, že nárast dotácií síce zvyšuje dôchodkovosť, ale nevedie k zvyšovaniu výroby. | ||
| 610 | 2 | 0 | |a Slovensko |
| 610 | 2 | 0 | |a vývoj hospodársky |
| 610 | 2 | 0 | |a poľnohospodárstvo |
| 610 | 2 | 0 | |a hospodárenie podnikové |
| 610 | 2 | 0 | |a efektívnosť ekonomická |
| 610 | 2 | 0 | |a podpory |
| 610 | 2 | 0 | |a investície |
| 610 | 2 | 0 | |a zamestnanosť |
| 610 | 2 | 0 | |a úver |
| 610 | 2 | 0 | |a ceny |
| 610 | 2 | 0 | |a zisk |
| 610 | 2 | 0 | |a Európska únia |
| 100 | 1 | |a Chrastinová, Zuzana | |